Salvador Allende: el fracaso de una ilusión

Saved in:
Bibliografiske detaljer
Hovedforfatter: Vial Correa, Gonzalo (Author)
Format: Bog
Sprog:spansk
Udgivet: Santiago Universidad Finis Terrae 2005
Udgivelse:1a. ed
Fag:
Tags: Tilføj Tag
Ingen Tags, Vær først til at tagge denne postø!

MARC

LEADER 00000cam a2200000 a 4500
001 UCF0755
003 CL-VaPUC
008 120607e20050300CL |||||||||||||||||spa|d
020 |a 9568147098 
082 0 4 |a 983.0646  |b VIA  |2 21 
100 0 |a Vial Correa, Gonzalo  |e author  |9 562480 
245 1 0 |a Salvador Allende: el fracaso de una ilusión 
250 |a 1a. ed 
300 |a 165 p 
942 |c BK 
945 |d 20120607 00:00:00  |a dcastane 
260 |a Santiago  |b Universidad Finis Terrae  |c 2005 
600 0 |a Allende Gossens, Salvador,   |d 1908-1973  |9 257222 
650 7 |a HISTORIA DE CHILE 1970-1973  |2 CL-VaPUC  |9 418252 
650 0 |a Política y gobierno  |9 255151 
650 0 |a Unidad popular  |9 317409 
583 |a last modification  |c 20130325 01:45:54  |k Rodrigo Vera 
999 |c 347905  |d 347903 
952 |0 0  |1 0  |4 0  |6 983_064600000000000_VIA_2005  |7 0  |8 A  |9 449634  |a BIBDER  |b BIBDER  |d 2019-11-22  |i 4872584  |o 983.0646 VIA 2005  |p 4872584  |r 2023-01-25  |w 2019-11-22  |y BK  |k DER